[Event "Harmonie Open A"]
[Site "Groningen NED"]
[Date "2007.12.22"]
[Round "2"]
[White "Pruijssers,R"]
[Black "Nijboer,F"]
[Result "1/2-1/2"]
[WhiteElo "2408"]
[BlackElo "2559"]

1.e4 c5 2.Nf3 Nc6 3.d4 cxd4 4.Nxd4 Nf6 5.Nc3 d6 6.Bg5 e6 7.Qd2 a6 8.O-O-O Bd7
9.f3 h6 10.Be3 b5 11.Kb1 Ne5 12.Bd3 Qc7 13.Rhe1 Nc4 14.Bxc4 Qxc4 15.g4 b4
16.Nce2 g6 17.h4 e5 18.Nb3 Be6 19.c3 a5 20.Nbc1 Rb8 21.Ka1 h5 22.g5 Nd7 23.cxb4 axb4
24.b3 Qb5 25.Rf1 Nc5 26.Qb2 Be7 27.Nf4 O-O 28.Bxc5 Qxc5 29.Nd5 Qa7 30.Ne2 Rb5
31.f4 Bxd5 32.exd5 Qa5 33.Qd2 Ra8 34.Nc1 Bf8 35.f5 gxf5 36.Rxf5 Bg7 37.Kb1 Rc5
38.Qg2 Qa3 39.g6 fxg6 40.Rf2 Qa7 41.Nd3 Rc3 42.Nxb4 e4 43.Rb2 Qf7 44.Qxe4 Re8
45.Qg2 Qf5+ 46.Rc2 Qe5 47.Rb2 Rg3 48.Qc2 Qxb2+ 49.Qxb2 Bxb2 50.Kxb2 Rg4 51.Kc3 Re3+
52.Nd3 Rxh4 53.a4 Rhe4 54.a5 h4 55.a6 h3 56.b4 g5 57.a7 Re8 58.Rg1 R3e7 59.Rxg5+ Kh7
60.Rh5+ Kg7 61.Rxh3 Rxa7 62.Kd4 Rb7 63.Rh1 Ree7  1/2-1/2

[Event "Harmonie Open A"]
[Site "Groningen NED"]
[Date "2007.12.24"]
[Round "4"]
[White "Mastrovasilis,D"]
[Black "Brandenburg,D"]
[Result "1-0"]
[WhiteElo "2559"]
[BlackElo "2483"]

1.e4 c5 2.Nf3 Nc6 3.d4 cxd4 4.Nxd4 Nf6 5.Nc3 d6 6.Bg5 e6 7.Qd2 a6 8.O-O-O Bd7
9.f4 h6 10.Bh4 g5 11.fxg5 Ng4 12.Nxc6 Bxc6 13.Be2 Ne5 14.g3 Ng6 15.Rdf1 hxg5
16.Bxg5 Qxg5 17.Qxg5 Bh6 18.Qd2 Bxd2+ 19.Kxd2 Ke7 20.h4 Rag8 21.Rhg1 Ne5
22.Rf4 f6 23.Ke3 Be8 24.Nd1 b5 25.b3 a5 26.Nf2 Ng6 27.Rg4 e5 28.c4 b4 29.c5 dxc5
30.Rc1 Bd7 31.Rxc5 Bxg4 32.Bxg4 Kd6 33.Rd5+ Kc6 34.Be6 Ne7 35.Bxg8 Rxg8 36.Rxa5 Kb6
37.Ra4 Rxg3+ 38.Ke2 Nc6 39.Ra8 Nd4+ 40.Kf1 f5 41.exf5 Nxf5 42.Rb8+ Ka5 43.Re8 Re3
44.Ng4 Re4 45.Nf2 Re3 46.Ng4 Re4 47.Nxe5 Rf4+ 48.Kg2 Rxh4 49.Rb8 Ne3+ 50.Kg3 Nf5+
51.Kg2 Ne3+ 52.Kg3 Nf5+ 53.Kf3 Ka6 54.Nc4 Nd4+ 55.Kg3 Nf5+ 56.Kf3 Nd4+ 57.Kg3 Nf5+
58.Kg2 Rd4 59.Rxb4 Rd3 60.Kf2 Rc3 61.Ra4+ Kb7 62.Ke2 Rh3 63.Kd2 Kc6 64.Ne5+ Kb5
65.Nd3 Rh2+ 66.Kc3 Ne3 67.Rb4+ Ka5 68.Rb8 Nd1+ 69.Kd4 Rh4+ 70.Kc5 Rh5+ 71.Kd6 Nc3
72.Ra8+ Kb6 73.Nf4 Rh6+ 74.Ke5 Kb7 75.Ra5 Kb6 76.b4 Rh2 77.a3 Nb1 78.Nd5+ Kb7
79.Rb5+ Ka6 80.Ra5+ Kb7 81.Kd6 Rh6+ 82.Kc5 Rh5 83.Kc4 Rh4+ 84.Kb3 Rh3+ 85.Kb2 Nd2
86.Rb5+ Ka7 87.Rc5 Ne4 88.Rc4 Rh2+ 89.Rc2 Rh3 90.a4 Rd3 91.Nc3 Nd2 92.Rc1 Nc4+
93.Kb3 Ne3 94.a5 Nf5 95.Ka4 Kb7 96.Nb5 Rd7 97.Re1 Ne7 98.Nd6+ Kc7 99.Nc4 Nc8
100.Rc1 Kb7 101.Na3 Na7 102.b5 Rd4+ 103.Rc4 Rd7 104.Rh4 Nc8 105.Nc4 Ka7 106.a6 Ne7
107.Rh7  1-0

[Event "37th Rilton Cup"]
[Site "Stockholm SWE"]
[Date "2007.12.27"]
[Round "1"]
[White "Soderberg,P"]
[Black "Ernst,T"]
[Result "0-1"]
[WhiteElo "2205"]
[BlackElo "2450"]

1.e4 c5 2.Nf3 d6 3.d4 cxd4 4.Nxd4 Nf6 5.Nc3 Nc6 6.Bg5 e6 7.Qd2 a6 8.O-O-O h6
9.Bxf6 Qxf6 10.g3 Qd8 11.Bg2 Be7 12.Kb1 Bd7 13.f4 Rc8 14.f5 Ne5 15.fxe6 fxe6
16.Bh3 Bg5 17.Qe2 Qe7 18.Rhf1 Bf6 19.Qh5+ Qf7 20.Bg4 Qxh5 21.Bxh5+ Ke7 22.Be2 b5
23.a3 Nc4 24.Rf3 Rhf8 25.Bxc4 bxc4 26.Nde2 Be5 27.Nf4 Rf6 28.Rdf1 Bc6 29.Nfe2 Rcf8
30.Rxf6 Rxf6 31.Rxf6 Kxf6 32.b4 cxb3 33.cxb3 Bxc3 34.Nxc3 Ke5 35.Kc2 Bxe4+
36.Nxe4 Kxe4 37.Kc3 d5 38.a4 Ke3 39.Kb4 d4 40.Ka5 d3 41.Kxa6 d2 42.b4 d1=Q  0-1

[Event "Harmonie Open A"]
[Site "Groningen NED"]
[Date "2007.12.29"]
[Round "8"]
[White "Hoffmann,Mi1"]
[Black "Swinkels,R"]
[Result "1-0"]
[WhiteElo "2471"]
[BlackElo "2433"]

1.e4 c5 2.Nf3 d6 3.d4 cxd4 4.Nxd4 Nf6 5.Nc3 Nc6 6.Bg5 e6 7.Qd2 a6 8.O-O-O Bd7
9.f4 b5 10.Bxf6 gxf6 11.Kb1 Qb6 12.Nxc6 Bxc6 13.f5 h5 14.Qe1 Ra7 15.Qh4 Be7
16.Bd3 Qe3 17.Rhe1 Qg5 18.Qf2 Rb7 19.fxe6 fxe6 20.Ne2 Bd8 21.c3 Bb6 22.Qf3 Re7
23.Bc2 Qe5 24.Nf4 Rh6 25.Nd3 Qg5 26.Nb4 Bb7 27.g3 Rd7 28.Qe2 Qg4 29.Qd2 Rh8
30.Nd3 h4 31.Nf4 Rd8 32.Bb3 Bc8 33.h3 Qg5 34.gxh4 Rxh4 35.Nxe6 Qxd2 36.Rxd2 Bxe6
37.Bxe6 Ke7 38.Bf5 Rg8 39.Bg4 Rhh8 40.Red1 Rd8 41.Kc2 Be3 42.Rd5 Bf4 43.a4 Rb8
44.axb5 axb5 45.Kb3 Rb7 46.Ra1 b4 47.cxb4 Rhb8 48.Ra4 Be5 49.Rda5 Kf7 50.Ra7 Kg6
51.Rxb7 Rxb7 52.Ra1 Kg5 53.Rf1 Bxb2 54.Rf5+ Kg6 55.Kxb2 Rxb4+ 56.Kc3 Rxe4
57.Rd5 Re5 58.Rxd6 Kg7 59.Kd4 Kg6 60.h4 Kg7 61.Rd7+ Kg8 62.h5 Rg5 63.Bf3 Re5
64.h6 Re8 65.Be4 f5 66.Bxf5 Kh8 67.Bg6 Ra8 68.Ke5 Ra5+ 69.Kf6 Ra6+ 70.Kg5 Ra8
71.Be4 Rg8+ 72.Kh5 Re8 73.Bf5 Ra8 74.Re7 Rb8 75.Kg6 Rg8+ 76.Rg7 Re8 77.Rh7+ Kg8
78.Rd7 Kh8 79.Rd6 Rg8+ 80.Kh5 Ra8 81.Be4 Re8 82.Bc6 Rc8 83.Bd5 Rb8 84.Kg5 Rc8
85.Be6 Re8 86.Kg6 Rf8 87.Bd5 Rb8 88.Rf6 Re8 89.Kf5 Ra8 90.Rf7 Re8 91.Kf6 Rg8
92.Rg7 Rf8+ 93.Bf7 Ra8 94.Bd5 Ra6+ 95.Kg5 Rd6 96.Rg8+ Kh7 97.Rg7+ Kh8 98.Be4 Rd8
99.Rh7+ Kg8 100.Re7 Kh8 101.Bf5 Rb8 102.Re6 Rg8+ 103.Kh5 Ra8 104.Be4 Rb8
105.Re5 Rd8 106.Bf5 Ra8 107.Re7 Rd8 108.Be6 Rf8 109.Kg5 Rf2 110.Re8+ Kh7
111.Bf5+  1-0

[Event "XIX Open"]
[Site "Villa de Roquetas ESP"]
[Date "2008.01.04"]
[Round "4"]
[White "Garcia Moral Garcia,J"]
[Black "Ubilava,E"]
[Result "0-1"]
[WhiteElo "2280"]
[BlackElo "2544"]

1.e4 c5 2.Nf3 d6 3.d4 cxd4 4.Nxd4 Nf6 5.Nc3 Nc6 6.Bg5 Bd7 7.f3 h6 8.Be3 a6
9.Qd2 e6 10.g4 Qc7 11.O-O-O b5 12.Nxc6 Bxc6 13.Rg1 Nd7 14.Ne2 d5 15.Nd4 dxe4
16.f4 Bd5 17.Kb1 Be7 18.f5 Bf6 19.fxe6 fxe6 20.g5 hxg5 21.h3 Ne5 22.Bxg5 Nf3
23.Nxf3 exf3 24.Bxf6 gxf6 25.Qd4 O-O-O 26.Qxf6 Bxa2+ 27.Kxa2 Qa5+ 28.Kb3 Qa4+
29.Kc3 b4+ 30.Kc4 Rh4+ 31.Rg4 Rxg4+ 32.hxg4 Qc6+ 33.Kxb4 Rxd1 34.Bd3 Qd6+
35.Kc3 a5 36.b3 Rxd3+ 37.cxd3 Qb4+ 38.Kc2 Qxg4 39.Qf8+ Kd7 40.Qf7+ Kd6 41.Qf8+ Ke5
42.Qb8+ Kf5 43.Qf8+ Kg5 44.Qe7+ Kf4 45.Qd6+ Ke3 46.Qe5+ Kf2 47.Qxa5 Kg3 48.Qe5+ Kg2
49.Qb8 f2 50.Qa8+ Kg3 51.Qb8+ Kf3 52.Kd2 f1=Q  0-1

[Event "37th Rilton Cup"]
[Site "Stockholm SWE"]
[Date "2008.01.05"]
[Round "9"]
[White "Blomqvist,E"]
[Black "De Verdier,M"]
[Result "1-0"]
[WhiteElo "2334"]
[BlackElo "2121"]

1.e4 c5 2.Nf3 Nc6 3.d4 cxd4 4.Nxd4 Nf6 5.Nc3 d6 6.Bg5 e6 7.Qd2 a6 8.O-O-O h6
9.Be3 Be7 10.f4 Bd7 11.Kb1 b5 12.Bd3 Nxd4 13.Bxd4 Bc6 14.Qe3 Qc7 15.Rhe1 O-O
16.h3 b4 17.Ne2 Nd7 18.Qg3 e5 19.fxe5 dxe5 20.Be3 Kh7 21.Nd4 g6 22.h4 Rac8
23.Nf3 Bb5 24.Re2 Bxd3 25.Rxd3 f5 26.h5 g5 27.exf5 e4 28.Bf4 gxf4 29.Qg6+ Kh8
30.Qxh6+ Kg8 31.Qe6+ Rf7 32.Rxd7 Rd8 33.Ne5 Qxe5 34.Rxd8+ Bxd8 35.Qxe5  1-0

[Event "5th TCh-Asia w"]
[Site "Visakhpatnam IND"]
[Date "2008.01.07"]
[Round "5"]
[White "Soumya,Sw"]
[Black "Nguyen Thi Thanh An"]
[Result "1/2-1/2"]
[WhiteElo "2315"]
[BlackElo "2346"]

1.e4 c5 2.Nf3 Nc6 3.d4 cxd4 4.Nxd4 Nf6 5.Nc3 d6 6.Bg5 e6 7.Qd2 Be7 8.O-O-O a6
9.f4 Nxd4 10.Qxd4 b5 11.Bxf6 gxf6 12.f5 Qc7 13.Qe3 b4 14.Ne2 Bd7 15.Nf4 Qc5
16.Qxc5 dxc5 17.fxe6 Bxe6 18.Nd5 Bxd5 19.Rxd5 Rg8 20.g3 Rg5 21.Bc4 Rxd5 22.Bxd5 Rd8
23.Rf1 Kf8 24.b3 Kg7 25.Kd2 Bd6 26.Kd3 Be5 27.Kc4 Bd4 28.Rf5 Rc8 29.Bb7 Re8
30.g4 Re7 31.Bd5  1/2-1/2

[Event "TCh-AUT 1st Bundesliga 2007-8"]
[Site "Jenbach AUT"]
[Date "2008.01.10"]
[Round "4"]
[White "Lanka,Z"]
[Black "Shengelia,D"]
[Result "1-0"]
[WhiteElo "2475"]
[BlackElo "2568"]

1.e4 c5 2.Nf3 d6 3.d4 cxd4 4.Nxd4 Nf6 5.Nc3 Nc6 6.Bg5 e6 7.Qd2 Be7 8.O-O-O Nxd4
9.Qxd4 a6 10.Be2 Qa5 11.Bd2 Qc7 12.g4 O-O 13.g5 Nd7 14.f4 b5 15.f5 Qc5 16.Qd3 b4
17.Na4 Qb5 18.f6 Qxd3 19.cxd3 gxf6 20.gxf6 Bxf6 21.Bxb4 Be5 22.d4 Bf4+ 23.Kb1 a5
24.Ba3 Bb7 25.Bd3 f5 26.Nc3 Nf6 27.Rhf1 Bxh2 28.exf5 exf5 29.Rxf5 h6 30.Rf2 Ng4
31.Rxh2 Nxh2 32.Bxd6 Nf3 33.Bxf8 Rxf8 34.d5 h5 35.Rh1 h4 36.Be2 Bc8 37.Bxf3 Rxf3
38.Rxh4 Bf5+ 39.Kc1 Kf7 40.Ra4 Kf6 41.Rxa5 Rf1+ 42.Kd2 Rf2+ 43.Ke3 Rxb2 44.Kd4 Rd2+
45.Kc4 Ke5 46.Ra8 Kd6 47.Nb5+ Kd7 48.Ra7+ Kd8 49.Nd4 Bd7 50.Kc5 Kc8 51.a4 Bh3
52.a5 Rd1 53.a6 Bf1 54.Kd6 Bxa6 55.Rc7+  1-0

[Event "TCh-AUT 1st Bundesliga 2007-8"]
[Site "Jenbach AUT"]
[Date "2008.01.11"]
[Round "5"]
[White "Meszaros,T"]
[Black "Baklan,V"]
[Result "1-0"]
[WhiteElo "2437"]
[BlackElo "2647"]

1.e4 c5 2.Nf3 Nc6 3.d4 cxd4 4.Nxd4 Nf6 5.Nc3 d6 6.Bg5 e6 7.Qd2 a6 8.O-O-O Bd7
9.f4 h6 10.Bh4 g5 11.fxg5 Ng4 12.Nxc6 Bxc6 13.Be2 Ne5 14.g3 Qa5 15.g6 fxg6
16.Bf6 Rh7 17.Rhf1 Rf7 18.Rf4 Rc8 19.Rdf1 Rcc7 20.Qe3 Rcd7 21.Qa7 Be7 22.Bxe5 dxe5
23.Rxf7 Bg5+ 24.R7f4 exf4 25.gxf4 Bf6 26.e5 Be7 27.Qg1 Bb4 28.Qxg6+ Kd8 29.Qg3 Bxc3
30.Qxc3 Qxa2 31.b3 Be4 32.Rg1 Bh7 33.Rd1 Qa3+ 34.Kb1 Rxd1+ 35.Bxd1 Bf5 36.Bf3 Qe7
37.Kb2 Qd7 38.Qc5 Ke8 39.Bh5+ Kd8 40.Bf3 Ke8 41.Qb6 Qd2 42.Bh5+ Ke7 43.Qxb7+ Kd8
44.Qb8+ Kd7 45.Qe8+ Kc7 46.Qe7+ Kc8 47.Qc5+ Kd8 48.Bf3 Qxh2 49.Bc6 Qd2 50.Qb6+ Ke7
51.Qc7+ Kf8 52.Qd6+ Qxd6 53.exd6 h5 54.c4 h4 55.Kc3 a5 56.Kd4 h3 57.Kc5 Kf7
58.Kb6  1-0

[Event "TCh-AUT 1st Bundesliga 2007-8"]
[Site "Jenbach AUT"]
[Date "2008.01.12"]
[Round "6"]
[White "Volkmann,F"]
[Black "Titz,Hei"]
[Result "1-0"]
[WhiteElo "2434"]
[BlackElo "2205"]

1.e4 c5 2.Nf3 Nc6 3.d4 cxd4 4.Nxd4 Nf6 5.Nc3 d6 6.Bg5 Bd7 7.Qd2 Rc8 8.f4 h6
9.Bh4 g5 10.fxg5 hxg5 11.Bxg5 Bg7 12.Nb3 Ne5 13.Bd3 a6 14.O-O-O b5 15.Kb1 Nc4
16.Bxc4 Rxc4 17.e5 dxe5 18.h3 Qc8 19.Rhe1 b4 20.Nd5 Nxd5 21.Qxd5 Be6 22.Qa5 f6
23.Bd2 Bf5 24.Ka1 Bxc2 25.Rc1 Rhh4 26.Be3 Rhe4 27.Nd2 Rxe3 28.Rxe3 Bh6 29.Nxc4 Qxc4
30.Qb6 a5 31.Ree1 Bxc1 32.Rxc1 a4 33.h4 b3 34.h5 Qd4 35.Qc6+ Kf7 36.a3 Qe3
37.Rh1 Qe4 38.Qc5 Qxg2 39.Rg1 Qe4 40.Qc8 Qh7 41.Qc4+ Kf8 42.Qxa4 Be4 43.Qxb3 Bc6
44.h6  1-0

[Event "ch-CUB"]
[Site "Santa Clara CUB"]
[Date "2008.01.12"]
[Round "5"]
[White "Gongora Reyes,M"]
[Black "Vera Gonzalez Quevedo,R"]
[Result "0-1"]
[WhiteElo "2416"]
[BlackElo "2495"]

1.e4 c5 2.Nf3 d6 3.d4 cxd4 4.Nxd4 Nf6 5.Nc3 Nc6 6.Bg5 e6 7.Qd2 Be7 8.O-O-O O-O
9.f4 Nxd4 10.Qxd4 Qa5 11.Kb1 h6 12.h4 e5 13.Qd2 Nxe4 14.Nxe4 Qxd2 15.Rxd2 hxg5
16.fxg5 Rd8 17.Bc4 Be6 18.Bd5 Bxd5 19.Rxd5 f5 20.gxf6 gxf6 21.g4 Kf7 22.Rhd1 Ke6
23.c4 b6 24.Kc2 Rh8 25.h5 Rag8 26.Nf2 f5 27.gxf5+ Kxf5 28.Rh1 Rg5 29.Rd3 Rhxh5
30.Rf3+ Ke6 31.Rxh5 Rxh5 32.Ne4 Rh2+ 33.Rf2 Rh4 34.Re2 a6 35.a4 d5 36.cxd5+ Kxd5
37.Nc3+ Ke6 38.Ne4 Rh3 39.Nf2 Rf3 40.Ne4 Kf5 41.Nc3 Bc5 42.Ne4 Bd4 43.b3 Kf4
44.Re1 Re3 45.Rxe3 Kxe3 46.Nd6 Bc5 47.Nc4+ Kd4 48.Kd2 e4 49.Ne3 Bb4+ 50.Ke2 Kc3
51.Nd5+ Kxb3 52.Nxb6 a5 53.Nd7 Kxa4 54.Nf6 Kb3 55.Nxe4 a4 56.Nf2 Kc2 57.Ng4 Bc5  0-1

[Event "6th Parsvnath Open"]
[Site "New Delhi IND"]
[Date "2008.01.13"]
[Round "1"]
[White "Konguvel,P"]
[Black "Md.Aminismail,K"]
[Result "1-0"]
[WhiteElo "2394"]
[BlackElo "1865"]

1.e4 c5 2.Nf3 Nc6 3.d4 cxd4 4.Nxd4 Nf6 5.Nc3 d6 6.Bg5 e6 7.Qd2 Be7 8.O-O-O a6
9.f3 Qc7 10.h4 Bd7 11.Kb1 Na5 12.g4 b5 13.Bd3 Rc8 14.Be3 Nc4 15.Bxc4 Qxc4
16.Nce2 a5 17.Ng3 g6 18.h5 e5 19.g5 Nxh5 20.Nxh5 gxh5 21.Nf5 Be6 22.b3 Qc7
23.Rxh5 Bxf5 24.exf5 d5 25.g6 fxg6 26.fxg6 d4 27.Rxh7 Rxh7 28.gxh7 Bf6 29.Bg5 Bh8
30.Qd3 Qc6 31.Bd2 a4 32.Rg1 e4 33.fxe4 axb3 34.Rg8+ Kf7 35.Qxb3+  1-0

[Event "ch-VEN"]
[Site "San Felipe VEN"]
[Date "2008.01.13"]
[Round "1"]
[White "Soto Paez,O"]
[Black "Iturrizaga,E"]
[Result "1/2-1/2"]
[WhiteElo "2371"]
[BlackElo "2470"]

1.e4 c5 2.Nf3 Nc6 3.d4 cxd4 4.Nxd4 Nf6 5.Nc3 d6 6.Bg5 Bd7 7.Qd2 Rc8 8.f4 h6
9.Bh4 a6 10.Nf3 Qa5 11.a3 g5 12.fxg5 hxg5 13.Bxg5 Bg7 14.Bd3 Ng4 15.h3 Nb4
16.Nd5 Bxb2 17.Qxb4 Qxb4+ 18.axb4 Bxa1 19.O-O Ne5 20.Rxa1 Nxf3+ 21.gxf3 Rg8
22.h4 f6 23.f4 fxg5  1/2-1/2

[Event "ch-CUB"]
[Site "Santa Clara CUB"]
[Date "2008.01.13"]
[Round "6"]
[White "Quezada Perez,Y"]
[Black "Almeida Quintana,O"]
[Result "1/2-1/2"]
[WhiteElo "2546"]
[BlackElo "2500"]

1.e4 c5 2.Nf3 d6 3.d4 cxd4 4.Nxd4 Nf6 5.Nc3 Nc6 6.Bg5 e6 7.Qd2 Be7 8.O-O-O Nxd4
9.Qxd4 O-O 10.f3 a6 11.h4 b5 12.g4 Qa5 13.Kb1 Bb7 14.Qd2 Qc7 15.Ne2 Rac8
16.Nd4 Rfd8 17.Bd3 b4 18.Qe1 a5 19.h5 Ne8 20.Bc1 d5 21.e5 Bc5 22.Be3 Qxe5
23.f4 Qd6 24.g5 Ba6 25.Bxa6 Qxa6 26.f5 exf5 27.Nxf5 Qe6 28.Bxc5 Qxe1 29.Rhxe1 Rxc5
30.g6 fxg6 31.hxg6 hxg6 32.Nd4 Rdc8 33.Nb3 Rb5 34.Re7 Nd6 35.Rd7 Nf5 36.R7xd5 Rxd5
37.Rxd5 a4 38.Nc5 Ne3 39.Rg5 Rd8 40.Rg1 g5 41.Ne6 Rd2 42.Nxg5 Rxc2 43.Ne6 Rd2
44.Rxg7+ Kh8 45.Rc7 a3 46.bxa3 bxa3  1/2-1/2

[Event "EST-FIN Match"]
[Site "Tallinn EST"]
[Date "2008.01.13"]
[Round "1"]
[White "Zjukin,S"]
[Black "Paakkonen,T"]
[Result "1/2-1/2"]
[WhiteElo "2313"]
[BlackElo "2260"]

1.e4 c5 2.Nf3 Nc6 3.d4 cxd4 4.Nxd4 Nf6 5.Nc3 d6 6.Bg5 e6 7.Qd2 a6 8.O-O-O Bd7
9.f4 b5 10.Bxf6 gxf6 11.Nxc6 Bxc6 12.Qe3 Qa5 13.Kb1 O-O-O 14.a3 Kb7 15.Bd3 h5
16.Rhf1 Qb6 17.Qe2 Qc5 18.Na2 a5 19.Qe1 Ra8 20.f5 e5 21.Rc1 Bh6 22.Rd1 Kc7
23.c3 Kd7 24.Rf3 Ke7 25.Bc2 h4  1/2-1/2

[Event "6th Parsvnath Open"]
[Site "New Delhi IND"]
[Date "2008.01.17"]
[Round "7"]
[White "Singh,G"]
[Black "Bishwabijaya,G"]
[Result "1-0"]
[WhiteElo "2292"]
[BlackElo "2095"]

1.e4 c5 2.Nf3 d6 3.d4 Nf6 4.Nc3 cxd4 5.Nxd4 Nc6 6.Bg5 e6 7.Qd2 a6 8.O-O-O h6
9.Bf4 d5 10.exd5 Nxd5 11.Nxd5 Qxd5 12.Nxc6 Qxd2+ 13.Rxd2 bxc6 14.Be2 Bc5
15.Bf3 Bb7 16.Rhd1 Rc8 17.Rd7 Ba8 18.Be2 Bb6 19.Bxa6 Rd8 20.Rxd8+ Bxd8 21.Bd6 Be7
22.c4 Bxd6 23.Rxd6 Ke7 24.c5 e5 25.Kc2 Re8 26.Kd3 f5 27.f3 Kf7 28.Bc4+ Kf8
29.Rd7 e4+ 30.fxe4 fxe4+ 31.Ke3 Re7 32.Rd8+ Re8 33.Rxe8+ Kxe8 34.Kxe4 Bb7
35.Ke5 Ke7 36.a4  1-0

[Event "TCh-BEL 2007-8"]
[Site "Belgium BEL"]
[Date "2008.01.20"]
[Round "7"]
[White "Dutreeuw,M"]
[Black "Docx,S"]
[Result "0-1"]
[WhiteElo "2392"]
[BlackElo "2318"]

1.e4 c5 2.Nf3 Nc6 3.d4 cxd4 4.Nxd4 Nf6 5.Nc3 d6 6.Bg5 e6 7.Qd2 a6 8.O-O-O h6
9.Bf4 Bd7 10.Nxc6 Bxc6 11.Bxd6 Bxd6 12.Qxd6 Qxd6 13.Rxd6 Bxe4 14.Rd2 Bc6
15.f3 Ke7 16.Bc4 g5 17.Re1 Rad8 18.Ne2 Rxd2 19.Kxd2 Rd8+ 20.Ke3 Bd5 21.Bd3 g4
22.Nc3 Bc6 23.Be2 h5 24.Rd1 Rg8 25.Kf2 h4 26.Rd4 e5 27.Rd3 gxf3 28.gxf3 Nh5
29.Nd5+ Ke6 30.Ne3 Nf4 31.Rd1 Nh3+ 32.Ke1 b5 33.Rd2 Rg1+ 34.Nf1 Nf4 35.Bd1 f5
36.c3 Bd5 37.Bb3 Bc4 38.Bxc4+ bxc4 39.Kf2 Rg2+ 40.Ke1 Nd3+ 41.Kd1 Rg1 42.Ke2 h3
43.b3 Nc1+ 44.Ke1 cxb3 45.axb3 Nxb3 46.Rd8 Nc5 47.Rh8 Nd3+ 48.Ke2 Nf4+ 49.Ke1 a5
50.Re8+ Kd5 51.Ra8 Kc4 52.Rxa5 Nd3+ 53.Ke2 Rg2+ 54.Ke3 Nc1 55.Ra4+ Kb3  0-1

[Event "ch-Reykjavik"]
[Site "Reykjavik ISL"]
[Date "2008.01.20"]
[Round "7"]
[White "Kristjansson,A"]
[Black "Gretarsson,Hj"]
[Result "0-1"]
[WhiteElo "2019"]
[BlackElo "2247"]

1.e4 c5 2.Nf3 Nc6 3.d4 cxd4 4.Nxd4 Nf6 5.Nc3 d6 6.Bg5 e6 7.Qd2 a6 8.O-O-O h6
9.Bh4 Be7 10.f4 g5 11.fxg5 Ng4 12.Nxc6 bxc6 13.Kb1 Ne5 14.Be2 hxg5 15.Bg3 Qa5
16.Qd4 Rb8 17.Bxe5 dxe5 18.Qc4 c5 19.Qa4+ Qxa4 20.Nxa4 Rb4 21.Nc3 Bb7 22.Bf3 Rd4
23.h3 f6 24.Rhe1 Kf7 25.b3 c4 26.Kb2 Rc8 27.Na4 c3+ 28.Nxc3 Bb4 29.Re3 Bxc3+
30.Rxc3 Rxc3 31.Kxc3 Rxd1 32.Bxd1 Bxe4 33.Bf3 Bd5 34.Kd2 e4 35.Bh5+ Ke7 36.g3 f5
37.c4 Bc6 38.b4 e5 39.c5 f4 40.gxf4 exf4 41.Be2 e3+ 42.Ke1 f3 43.Bxa6 Bd7
44.c6 Bxh3 45.c7 f2+ 46.Kd1 Kd6 47.c8=Q Bxc8 48.Bf1 Bg4+ 49.Kc2 e2 50.Bxe2 Bxe2
51.Kb3 f1=Q 52.Ka4 Bd1+ 53.Ka5 Qf8 54.b5 Kc5 55.a4 Qa8+  0-1

[Event "ch-BLR"]
[Site "Minsk BLR"]
[Date "2008.01.21"]
[Round "12"]
[White "Zhigalko,A"]
[Black "Smirnov,Va"]
[Result "1-0"]
[WhiteElo "2556"]
[BlackElo "2394"]

1.e4 c5 2.Nf3 d6 3.d4 cxd4 4.Nxd4 Nf6 5.Nc3 Nc6 6.Bg5 e6 7.Qd2 Be7 8.O-O-O Nxd4
9.Qxd4 O-O 10.h4 a6 11.e5 dxe5 12.Qxe5 Qe8 13.Rh3 Ng4 14.Qe2 f5 15.Rhd3 Nf6
16.g3 b5 17.Bg2 Ra7 18.Be3 Rd7 19.Bc6 Rxd3 20.Bxe8 Rxd1+ 21.Qxd1 Rxe8 22.a3 Rd8
23.Qf3 Nd5 24.Nxd5 Rxd5 25.Bd2 Bb7 26.Qf4 Rd7 27.Bb4 Bxb4 28.axb4 Kf7 29.g4 g6
30.g5 Ke7 31.b3 Kd8 32.Qe5 Bd5 33.Qb8+ Ke7 34.f4 Be4 35.c4 bxc4 36.bxc4 Rb7
37.Qc8  1-0

[Event "6th ch-PriFO Men"]
[Site "Kazan RUS"]
[Date "2008.01.24"]
[Round "2"]
[White "Beliaev,Va"]
[Black "Hojamgulyev,B"]
[Result "1-0"]
[WhiteElo "2084"]
[BlackElo "2250"]

1.e4 c5 2.Nf3 Nc6 3.d4 cxd4 4.Nxd4 Nf6 5.Nc3 d6 6.Bg5 e6 7.Bb5 Bd7 8.Bxc6 bxc6
9.Qf3 c5 10.Nb3 Bc6 11.O-O-O Be7 12.Bxf6 Bxf6 13.Qg3 Bxc3 14.Rxd6 Qf6 15.bxc3 Bxe4
16.Nxc5 Bg6 17.Qg4 Qxc3 18.Qa4+ Kf8 19.Rhd1 Qxc5 20.Rd8+ Rxd8 21.Rxd8+ Ke7
22.Rxh8 Qxf2 23.Qb4+ Kf6 24.Qc3+ e5 25.Qf3+ Qxf3 26.gxf3 Bh5 27.Ra8 Bxf3
28.Rxa7 Bd5 29.a4 e4 30.Kd2 Ke5 31.Ke3 f5 32.Re7+ Kf6 33.Rc7 g5 34.a5 f4+
35.Ke2 Ke5 36.c4 Ba8 37.a6 e3 38.Rc8 Bg2 39.a7 g4 40.a8=Q Bxa8 41.Rxa8 Kd4
42.Rd8+ Ke4 43.c5 f3+ 44.Ke1 h5 45.c6 h4 46.c7  1-0

[Event "6th ch-PriFO Men"]
[Site "Kazan RUS"]
[Date "2008.01.25"]
[Round "3"]
[White "Beliaev,Va"]
[Black "Grechihin,V"]
[Result "1-0"]
[WhiteElo "2084"]
[BlackElo "2306"]

1.e4 c5 2.Nf3 Nc6 3.d4 cxd4 4.Nxd4 Nf6 5.Nc3 d6 6.Bg5 e6 7.Bb5 Bd7 8.Bxc6 bxc6
9.Qf3 c5 10.Nb3 Be7 11.O-O-O O-O 12.e5 dxe5 13.Bxf6 gxf6 14.Qb7 f5 15.Rxd7  1-0

[Event "Open"]
[Site "Marianske Lazne CZE"]
[Date "2008.01.25"]
[Round "8"]
[White "Wieczorek,O"]
[Black "De Verdier,M"]
[Result "1-0"]
[WhiteElo "2204"]
[BlackElo "2147"]

1.e4 c5 2.Nf3 d6 3.d4 cxd4 4.Nxd4 Nf6 5.Nc3 Nc6 6.Bg5 Bd7 7.Qd2 Rc8 8.f4 Nxd4
9.Qxd4 Qa5 10.e5 dxe5 11.fxe5 e6 12.O-O-O Bc6 13.Bb5 Nd5 14.Nxd5 Bxb5 15.Qxa7 Bb4
16.Qxa5 Bxa5 17.Ne3 h6 18.Bf4 O-O 19.c3 Bb6 20.Nc2 Bc6 21.Rd2 Bd5 22.a3 Rfd8
23.Rhd1 g5 24.Be3 Bc7 25.Bd4 Be4 26.Re1 Bg6 27.b4 b5 28.h3 Bb8 29.Kb2 Kg7
30.Ree2 h5 31.g3 Rd7 32.Ne1 Bf5 33.g4 hxg4 34.hxg4 Bxg4 35.Rg2 Bf5 36.Rxg5+ Bg6
37.Nd3 Ba7 38.Bxa7 Rxa7 39.Nc5 Rca8 40.a4 bxa4 41.Ka3 Rc8 42.Rg3 Kf8 43.Rh2 Rac7
44.Rxg6 fxg6 45.Nxe6+ Ke7 46.Nxc7 Rxc7 47.Rh7+ Kd8 48.Rxc7 Kxc7 49.b5 g5
50.e6 g4 51.e7 Kd7 52.b6 g3 53.b7 g2 54.b8=Q g1=Q 55.e8=Q+  1-0

[Event "FINEC GMB"]
[Site "St Petersburg RUS"]
[Date "2008.01.25"]
[Round "2"]
[White "Goganov,A"]
[Black "Sudakova,I"]
[Result "1-0"]
[WhiteElo "2358"]
[BlackElo "2333"]

1.e4 c5 2.Nf3 d6 3.d4 cxd4 4.Nxd4 Nf6 5.Nc3 Nc6 6.Bg5 e6 7.Qd2 a6 8.O-O-O Bd7
9.f3 Rc8 10.Nxc6 Bxc6 11.Kb1 Be7 12.h4 b5 13.Ne2 d5 14.e5 Nd7 15.Bxe7 Qxe7
16.Qe3 O-O 17.Nd4 Qc5 18.Re1 b4 19.h5 Bb5 20.Bd3 Bc4 21.Rh4 Qa5 22.Bxc4 dxc4
23.Rg4 Rfe8 24.Qh6 g6 25.hxg6 fxg6 26.Rxg6+ hxg6 27.Qxg6+ Kf8 28.Qh6+ Ke7
29.Qg5+ Kf7 30.Re4 Rf8 31.Rh4 Ke8 32.Qg6+ Rf7 33.Rh8+  1-0

[Event "6th ch-PriFO Men"]
[Site "Kazan RUS"]
[Date "2008.01.26"]
[Round "4"]
[White "Novgorodskij,V"]
[Black "Voitsekhovsky,S"]
[Result "0-1"]
[WhiteElo "2370"]
[BlackElo "2493"]

1.e4 c5 2.Nf3 d6 3.d4 cxd4 4.Nxd4 Nf6 5.Nc3 Nc6 6.Bg5 e6 7.Qd2 a6 8.O-O-O Bd7
9.f4 b5 10.Bxf6 gxf6 11.Kb1 Qb6 12.Nxc6 Bxc6 13.f5 Qc5 14.Bd3 b4 15.Ne2 e5
16.Ng3 Ke7 17.Nh5 Rg8 18.Rhg1 Rg5 19.Qe2 Bh6 20.h4 Rgg8 21.Rge1 a5 22.g4 a4
23.Nxf6 Kxf6 24.g5+ Bxg5 25.hxg5+ Rxg5 26.Rh1 Rag8 27.Rh6+ Ke7 28.f6+ Ke8
29.Rxh7 Rg1 30.Rg7 R8xg7 31.fxg7 Rxg7 32.Qh2 Kd7 33.Qh3+ Kc7 34.Qf1 a3 35.Qf6 Qd4  0-1

[Event "6th Gibtelecom Masters"]
[Site "Gibraltar ENG"]
[Date "2008.01.29"]
[Round "8"]
[White "Vasvari,T"]
[Black "Hagen,Ande"]
[Result "1/2-1/2"]
[WhiteElo "2174"]
[BlackElo "2049"]

1.e4 c5 2.Nf3 Nc6 3.d4 cxd4 4.Nxd4 Nf6 5.Nc3 d6 6.Bg5 e6 7.Qd2 a6 8.O-O-O Bd7
9.f4 b5 10.Bxf6 gxf6 11.a3 Qb6 12.Nxc6 Bxc6 13.Bd3 b4 14.axb4 Qxb4 15.Nb1 Qb6
16.Qc3 Rg8 17.g3 Rb8 18.Nd2 Qb7 19.Nc4 Bd7 20.Qxf6 Qb4 21.Qd4 d5 22.exd5 Bg7
23.c3 Bxd4 24.cxb4 exd5 25.Bxh7 Rh8 26.Rxd4 Rxh7 27.Ne5 Be6 28.h4 Rc8+ 29.Kd2 Ke7
30.g4 Rg8 31.f5 Kf6 32.Nd3 Bc8 33.Rf4 Ke7 34.Ke3 Bb7 35.Rh2 f6 36.Rd4 Kd6
37.Kf4 Bc8 38.h5 Rhg7 39.Kf3 Bd7 40.Rh4 Ba4 41.Nc5 Ke5 42.Ke3 Bc2 43.Nxa6 Be4
44.Nc5 Rxg4 45.Rxg4 Rxg4 46.Nxe4 dxe4 47.Rc4 Rg3+ 48.Ke2 Rh3 49.b5 Rxh5 50.Rb4 Kxf5
51.b6 Rh8 52.b7 Rb8 53.Ke3 Ke5 54.Rb5+ Kd6 55.Kxe4 Kc6 56.Rb3  1/2-1/2

[Event "6th ch-PriFO Men"]
[Site "Kazan RUS"]
[Date "2008.01.29"]
[Round "7"]
[White "Khayrullin,D"]
[Black "Panchenko,AN"]
[Result "0-1"]
[WhiteElo "2382"]
[BlackElo "2273"]

1.e4 c5 2.Nf3 Nc6 3.d4 cxd4 4.Nxd4 Nf6 5.Nc3 d6 6.Bg5 e6 7.Qd2 a6 8.O-O-O Bd7
9.f3 Qa5 10.h4 b5 11.Kb1 h6 12.Be3 Nxd4 13.Bxd4 b4 14.Ne2 e5 15.Bf2 Be6 16.Nc1 d5
17.exd5 Nxd5 18.Nb3 Qc7 19.Bd3 Be7 20.Rhe1 O-O 21.Bg3 Nf4 22.Bxf4 exf4 23.Rxe6 fxe6
24.Qe2 Rf6 25.Qe4 Rd8 26.h5 Kf7 27.Qh7 Qe5 28.Bg6+ Rxg6 29.Qxg6+ Kf8 30.Rxd8+ Bxd8
31.Nc1 Bf6 32.Nd3 Qe2 33.Qg4 Kg8 34.Nc1 Qe3 35.Qg6 Kf8 36.Qe4 Qxe4 37.fxe4 g5
38.hxg6 Kg7 39.Nd3 e5 40.Nxb4 Kxg6 41.Nd3 Kg5 42.Kc1 Kg4 43.Kd2 Kg3 44.Ne1 f3
45.Nxf3 Kxg2 46.Ke2 h5 47.Ne1+ Kg3 48.b4 h4 49.Kf1 Kf4 50.Kg2 Kxe4 51.Nd3 Kd4
52.Nc5 e4 53.Nxa6 Be7 54.Nb8 e3 55.Nc6+ Ke4 56.c3 h3+ 57.Kxh3 e2  0-1